Word Diamonds III Quiz Stats

 Plays Quiz Updated Jul 8, 2018

Support Sporcle.
Go Orange.
Score 0/60 Timer 06:00
2 Plays Today
% Correct
 S 
98.5%
 E 
98.5%
 A 
98.2%
 R 
97.8%
 C 
97.2%
SCARE            
96.9%
 H 
96.4%
 S 
96.3%
 S 
96.3%
 E 
96.2%
 H 
95.9%
 P 
95.7%
 O 
95.7%
SHOES             
95.7%
SHAPE            
94.9%
 I 
93.5%
 S 
93.3%
 K 
93.3%
 T 
92.5%
SHARE             
92.5%
 P 
92.4%
 N 
92.2%
 N 
92.2%
 I 
91.9%
 S 
91.1%
 K 
91.1%
SPIES              
90.9%
 U 
90.9%
STUNK             
90.9%
 A 
90.8%
% Correct
 C 
90.7%
SHINS              
90.5%
SPINS              
90.4%
 C 
90%
 L 
89.5%
 N 
89.3%
 T 
89.2%
SNACK             
88.8%
SCAPE             
88.6%
SLICK              
88.5%
 O 
88.5%
SCOPE             
88.5%
STACK             
88.4%
STINK              
87.7%
STICK             
87.3%
 R 
87.1%
 E 
87.1%
 A 
87.1%
SHERE              
87.1%
SPANS             
87.1%
 A 
86.8%
SLACK              
86.8%
 O 
86.2%
STORK             
86.2%
SHIES              
85.8%
SLINK             
84.3%
STARK             
83.8%
 U 
83.4%
SNUCK             
83.4%
SNARK             
81.8%

From the Vault

4-Letter Premier League Players

by Pilgab

Sports 2.5m
'Kick' and 'Ball' seem like appropriate surnames for Premier League players.
Remove Ads.
Support Sporcle.
Get the best of Sporcle when you Go Orange. This ad-free experience offers more features, more stats, and more fun while also helping to support Sporcle. Thank you for becoming a member.

Show Comments

Extras

Top Quizzes Today


Score Distribution

Your Account Isn't Verified!

In order to create a playlist on Sporcle, you need to verify the email address you used during registration. Go to your Sporcle Settings to finish the process.

Report this User

Report this user for behavior that violates our Community Guidelines.

Details: